Television : (Record no. 76051)

MARC details
000 -LEADER
campo de control de longitud fija 01061cam a2200313 a 4500
001 - NÚMERO DE CONTROL
campo de control 28376
005 - FECHA Y HORA DE LA ÚLTIMA TRANSACCIÓN
campo de control 20230410130544.0
008 - DATOS DE LONGITUD FIJA--INFORMACIÓN GENERAL
campo de control de longitud fija 050620s2007 nyu b 000 0 eng
035 ## - NÚMERO DE CONTROL DEL SISTEMA
Número de control de sistema 14009166
010 ## - NÚMERO DE CONTROL DE LA BIBLIOTECA DEL CONGRESO
Número de control de LC 2005050881
020 ## - NÚMERO INTERNACIONAL ESTÁNDAR DEL LIBRO
Número Internacional Estándar del Libro 9780195301168 (alk. paper)
020 ## - NÚMERO INTERNACIONAL ESTÁNDAR DEL LIBRO
Número Internacional Estándar del Libro 0195301161 (alk. paper)
040 ## - FUENTE DE CATALOGACIÓN
Centro catalogador/agencia de origen DLC
Centro/agencia transcriptor DLC
Centro/agencia modificador DLC
042 ## - CÓDIGO DE AUTENTICACIÓN
Código de autenticación pcc
043 ## - CÓDIGO DE ÁREA GEOGRÁFICA
Código de área geográfica n-us---
050 14 - SIGNATURA TOPOGRÁFICA DE LA BIBLIOTECA DEL CONGRESO
Número de clasificación PN 1992.3
Número de ítem T267 2006
082 00 - NÚMERO DE LA CLASIFICACIÓN DECIMAL DEWEY
Número de clasificación 791.45/0973
Número de edición 22
245 00 - MENCIÓN DEL TÍTULO
Título Television :
Resto del título the critical view /
Mención de responsabilidad, etc. edited by Horace Newcomb.
250 ## - MENCION DE EDICION
Mención de edición 7th ed.
260 ## - PUBLICACIÓN, DISTRIBUCIÓN, ETC.
Lugar de publicación, distribución, etc. New York :
Nombre del editor, distribuidor, etc. Oxford University Press,
Fecha de publicación, distribución, etc. 2006.
300 ## - DESCRIPCIÓN FÍSICA
Extensión xiii, 671p. ;
Dimensiones 24 cm.
504 ## - NOTA DE BIBLIOGRAFÍA, ETC.
Nota de bibliografía, etc. Includes bibliographical references.
650 #0 - PUNTO DE ACCESO ADICIONAL DE MATERIA--TÉRMINO DE MATERIA
Término de materia o nombre geográfico como elemento de entrada Television broadcasting
Subdivisión geográfica United States.
700 1# - ENTRADA AGREGADA--NOMBRE PERSONAL
Nombre de persona Newcomb, Horace.
856 42 - LOCALIZACIÓN Y ACCESO ELECTRÓNICOS
Materiales especificados Publisher description
Identificador Uniforme de Recursos <a href="http://www.loc.gov/catdir/enhancements/fy0638/2005050881-d.html">http://www.loc.gov/catdir/enhancements/fy0638/2005050881-d.html</a>
856 41 - LOCALIZACIÓN Y ACCESO ELECTRÓNICOS
Materiales especificados Table of contents only
Identificador Uniforme de Recursos <a href="http://www.loc.gov/catdir/enhancements/fy0638/2005050881-t.html">http://www.loc.gov/catdir/enhancements/fy0638/2005050881-t.html</a>
925 0# -
-- acquire
-- 1 shelf copy
-- policy default
942 ## - ELEMENTOS DE ENTRADA SECUNDARIOS (KOHA)
Fuente del sistema de clasificación o colocación Clasificación de Library of Congress
Tipo de ítem Koha
Holdings
Estatus retirado Estado de pérdida Fuente del sistema de clasificación o colocación Estado de daño No para préstamo Colección Biblioteca de origen Biblioteca actual Ubicación en estantería Fecha de adquisición Serial enumeration / chronology Signatura topográfica completa Código de barras Visto por última vez Copia número Tipo de ítem Koha
    Clasificación de Library of Congress     Humanidades Biblioteca Juan Bosch Biblioteca Juan Bosch Humanidades (4to. Piso) 10/04/2023 3 PN 1992.3 T267 2006 00000031016 25/10/2018 1